[Event "Cairo Egyptian op"]
[Site "Cairo"]
[Date "2012.11.19"]
[Round "8"]
[White "Mohamed, Tarek"]
[Black "Yousry, Salah"]
[Result "1-0"]
[WhiteElo "2187"]
[BlackElo "2340"]
[PlyCount "75"]
[EventDate "2012.11.12"]
[EventType "swiss"]
[EventRounds "9"]
[EventCountry "EGY"]
[SourceTitle "EXT 2014"]
[Source "ChessBase"]
[SourceDate "2013.11.20"]
[SourceVersion "1"]
[SourceVersionDate "2013.11.20"]
[SourceQuality "1"]

1. Nf3 d5 2. c4 d4 3. b4 c5 4. Bb2 Nf6 5. bxc5 Nc6 6. e3 e5 7. exd4 exd4 8. Bd3 Qe7+ 9. Kf1 Qxc5 10. Na3 a6 11. Nc2 Bg4 12. h3 Bxf3 13. Qxf3 0-0-0 14. Rb1 Qe5 15. g3 Bc5 16. Kg2 Qd6 17. Ba1 Rhe8 18. a3 g6 19. Rhc1 Nd7 20. Bf1 Nde5 21. Qb3 b6 22. Kh1 Na5 23. Qa4 Nf3 24. Rd1 g5 25. Nb4 Kb7 26. Nd3 Ka7 27. Bg2 g4 28. Nxc5 Qxc5 29. hxg4 Ne5 30. Re1 Re6 31. Re4 Nxg4 32. Rxg4 Qf5 33. Qd1 Qxf2 34. Rh4 Rde8 35. Qg4 Nxc4 36. Bxd4 Qxd2 37. Qf3 R6e7 38. Qc6 1-0